01599nam a2200241 a 4500008004100000020001500041050001600056100002300072245004900095250001200144260005100156300002300207350000900230995014100239995014100380995014100521995015000662999001700812952013200829952013200961952013201093952013201225120416s1994 ||||||||||||||||| || u a0131767364 aHG 1621 Van aVan Horne, James C10aFinancial market rates and flows. -- 4th ed. a4th ed. aEnglewood Cliffs, N.J.bFT Prentice-Hallc1994 axiii, 338p. : ill. a0.00 aBINDERY (DAMAGED)D0.00e727199FCBU-MAIN LIBRARY (Kitwe)H3I0.00jHG 1621 VanM1UDAMAGEDy018127ZMain Library Open Access Collection aBINDERY (DAMAGED)D0.00e727198FCBU-MAIN LIBRARY (Kitwe)H4I0.00jHG 1621 VanM2UDAMAGEDy018128ZMain Library Open Access Collection aBINDERY (DAMAGED)D0.00e727201FCBU-MAIN LIBRARY (Kitwe)H1I0.00jHG 1621 VanM4UDAMAGEDy018130ZMain Library Open Access Collection aMAIN LIBRARY OPEN ACCESSD0.00e727200FCBU-MAIN LIBRARY (Kitwe)H2I0.00jHG 1621 VanM3UAVAILABLEy018129ZMain Library Open Access Collection c63102d63102 00102lcc4070a001b001cMain Library Open Access Collectiond2022-12-24l0oHG 1621 Vanp018127r2022-12-24w2022-12-24y002 00102lcc4070a001b001cMain Library Open Access Collectiond2022-12-24l0oHG 1621 Vanp018128r2022-12-24w2022-12-24y002 00102lcc4070a001b001cMain Library Open Access Collectiond2022-12-24l0oHG 1621 Vanp018130r2022-12-24w2022-12-24y002 00102lcc4070a001b001cMain Library Open Access Collectiond2022-12-24l0oHG 1621 Vanp018129r2022-12-24w2022-12-24y002